000 00334nam a2200145Ia 4500
008 191201s2005 xx 000 0 und d
082 _a621.38214
_bEDE
100 _aEDMINISTER, Joseph A
245 0 _aElectromagnetics
250 _a2nd
260 _aN.Delhi
_bTMH
_c2005
300 _a322
650 _aB.Tech(ECE)
942 _2ddc
_cBK
999 _c1395
_d1395